MARC

LEADER 00000nam0a2200000 4500
001 75301
005 20231031090547.0
035 |a (RuTPU)RU\TPU\book\80283 
090 |a 75301 
100 |a 20050322d1980 km y0rusy50 ca 
101 0 |a rus 
102 |a RU 
105 |a a z 001zy 
200 1 |a Химия высокомолекулярных соединений нефти  |f Ю. В. Поконова 
210 |a Ленинград  |c Изд-во ЛГУ  |d 1980 
215 |a 171 с.  |c ил. 
320 |a Библиогр.: с. 165-166. 
610 1 |a химическая технология 
610 1 |a химия 
610 1 |a нефть 
610 1 |a высокомолекулярные соединения 
610 1 |a асфальтены 
610 1 |a смолы нефтеполимерные 
610 1 |a смолисто-асфальтеновые вещества 
675 |a 665.637  |v 3 
700 1 |a Поконова  |b Ю. В.  |g Юлия Васильевна 
801 1 |a RU  |b 63413507  |c 20050322  |g PSBO 
801 2 |a RU  |b 63413507  |c 20140220  |g PSBO 
942 |c BK